Manufacturing in 'critical condition' (Record no. 68659)
[ view plain ]
| 000 -LEADER | |
|---|---|
| fixed length control field | 00926cam a2200229 4500 |
| 001 - CONTROL NUMBER | |
| control field | WB3740-13 |
| 008 - FIXED-LENGTH DATA ELEMENTS--GENERAL INFORMATION | |
| fixed length control field | 011024n2001 000 0 eng u |
| 035 ## - SYSTEM CONTROL NUMBER | |
| System control number | (Sirsi) u115282 |
| 245 ## - TITLE STATEMENT | |
| Title | Manufacturing in 'critical condition' |
| 260 ## - PUBLICATION, DISTRIBUTION, ETC. | |
| Date of publication, distribution, etc. | 2001 |
| 490 ## - SERIES STATEMENT | |
| Series statement | RICS Management Consultancy Faculty News |
| Volume/sequential designation | 18 October 2001, (1) |
| 520 ## - SUMMARY, ETC. | |
| Summary, etc. | According to the latest quarterly survey by the British Chambers of Commerce (BCC), UK companies are suffering huge export losses and declining home sales and order, and prospects are poor for the coming three months. British Chambers of Commerce News Release: http://www.britishchambers.org.uk/newsandpolicy/press/archive/2001/oct11.htm |
| 590 ## - LOCAL NOTE (RLIN) | |
| Local note | WB |
| 650 ## - SUBJECT ADDED ENTRY--TOPICAL TERM | |
| Topical term or geographic name entry element | BRITISH CHAMBERS OF COMMERCE |
| 650 ## - SUBJECT ADDED ENTRY--TOPICAL TERM | |
| Topical term or geographic name entry element | MANUFACTURING INDUSTRY |
| 650 ## - SUBJECT ADDED ENTRY--TOPICAL TERM | |
| Topical term or geographic name entry element | EXPORTS |
| 650 ## - SUBJECT ADDED ENTRY--TOPICAL TERM | |
| Topical term or geographic name entry element | SERVICE SECTOR |
| 650 ## - SUBJECT ADDED ENTRY--TOPICAL TERM | |
| Topical term or geographic name entry element | DOWNTURN |
| 650 ## - SUBJECT ADDED ENTRY--TOPICAL TERM | |
| Topical term or geographic name entry element | LOSSES |
| 690 ## - LOCAL SUBJECT ADDED ENTRY--TOPICAL TERM (OCLC, RLIN) | |
| Topical term or geographic name as entry element | ECONOMIC ISSUES |
| 942 ## - ADDED ENTRY ELEMENTS (KOHA) | |
| Suppress in OPAC | 0 |
| Withdrawn status | Lost status | Source of classification or shelving scheme | Damaged status | Not for loan | Home library | Current library | Shelving location | Date acquired | Total Checkouts | Full call number | Barcode | Date last seen | Copy number | Price effective from | Koha item type |
|---|---|---|---|---|---|---|---|---|---|---|---|---|---|---|---|
| Dewey Decimal Classification | London | London | News article | 24/10/2001 | WB3740-13 | 115282-1001 | 06/08/2019 | 1 | 06/08/2019 | News article |